00423nam a22001457a 450000500170000001000130001702000270003003500130005703700090007008200080007924500510008726000330013827000860017130000200025720241223113318.0 aB-761529 a9789389552638c155.00  aB-761529 bGift a480 aMy New Canvas;bEnglish at Your Fingertips 2 / bPearsonc2021aUttar Pradesh a15th Floor, Tower-B, World Trade Tower, Plot No.1 Block C bUttar Pradeshe201301 a116p.c22cm(pb)